000 00909nam a22001935i 4500
001 156001
003 ES-MaACL
005 20230906210303.0
008 011028s1865 sp |||| | spa d
040 _aEXT
_bspa
_cEXT
110 2 _aInstituto de Segunda Enseñanza de la Provincia de Badajoz.
_9134558
245 1 0 _aMemoria acerca del estado del Instituto de Segunda Enseñanza de Badajoz, leída en el acto solemne de la apertura del curso de 1865 á 1866 /
_cpor Valeriano Ordóñez de Adrián.
260 _aBadajoz :
_b[s.n.],
_c1865 (
_fImprenta de Arteaga y Compañía)
300 _a[6] p., [4] h. de lám. ;
_c22 cm.
610 2 4 _aInstituto de Segunda Enseñanza de la Provincia de Badajoz-
_xMemorias.
_9160839
700 2 1 _aOrdoñez de Adrian, Valeriano.
_9222497
852 _aES-MaACL
_jT-707-F-5
_z-- Enc. hol. conservando la cub. original
_z-- Enc. en un vol. facticio
999 _c156001
_d156001